00450nam a2200181 a 4500001001300000003000900013005001700022008004100039020001000080082001500090100001700105245002200122260004800144300000900192500003500201505001800236650001400254nice12345678IN_TiNIC20260116011429.0050524s1963 laha grp 000 0 urd  ac10000a232.3bMAX aMaxwell, L E aPaidaishi Maslub. aLahorebPunjab Religious Booksociety c1963 a240p aincludes index and biblioraphy2 aIndex Nominvm aAtonement